| 000 | 00392nam a2200133Ia 4500 | ||
|---|---|---|---|
| 008 | 220217s9999 xx 000 0 und d | ||
| 245 | 0 | _aRubber gloves-Electrical purposes-specification. (First Revision) | |
| 260 | _aNew Delhi | ||
| 260 |
_c1991 _bBIS |
||
| 490 | _aRubber Products Sectional Committee, PCD 13 | ||
| 500 | _aStandard number: IS 4770 | ||
| 650 | _aRubber gloves | ||
| 942 | _cST | ||
| 999 |
_c73808 _d73808 |
||